|
|
|
|
| LEADER |
03140nam a2200457 a 4500 |
| 001 |
33434 |
| 003 |
BD-DhAAL |
| 005 |
20211108132644.0 |
| 008 |
180717r20152014caua 001 0 eng d |
| 999 |
|
|
|c 39341
|d 39341
|
| 010 |
|
|
|a 2005280819
|
| 020 |
|
|
|a 9789351105411
|
| 020 |
|
|
|a 9788173664663
|
| 020 |
|
|
|a 9780596007126
|
| 020 |
|
|
|a 0596007124
|
| 020 |
|
|
|a 9781449340131
|
| 035 |
|
|
|a (OCoLC)ocm56929619
|
| 040 |
|
|
|a VYR
|c VYR
|d JRZ
|d BAKER
|d DLC
|d BD-DhAAL
|d BD-DhAAL
|
| 042 |
|
|
|a lccopycat
|
| 082 |
0 |
4 |
|a 005.2762
|2 21
|
| 100 |
|
|
|a Freeman, Eric T.
|9 27486
|
| 245 |
0 |
0 |
|a Head first JavaScript programming :
|b a brain-friendly guide /
|c Eric T. Freeman and Elisabeth Robson
|
| 250 |
|
|
|a 2014 first edition
|
| 260 |
|
|
|a Sebastopol, CA :
|b O'Reilly media inc. ;
|b Shroff publishers & distributors,
|c 2015.[ reprinted ]
|
| 300 |
|
|
|a xxxvi, 661 pages :
|b illustrations ;
|c 24 cm.
|
| 500 |
|
|
|a Includes index.
|
| 505 |
0 |
|
|a A quick dip into JavaScript --
Writing real code --
Introducing functions --
Putting some order in your data --
Understanding objects --
Interacting with your web page --
Types, equality, conversion, and all that jazz --
Bringing it all together --
Asynchronous coding --
First-class functions --
Anonymous functions, scope, and closures --
Advanced object construction --
Using prototypes.
|
| 526 |
|
|
|a CSE
|
| 541 |
1 |
|
|a STS International
|e 33434, 33433
|
| 650 |
|
0 |
|a JavaScript (Computer program language)
|9 27480
|
| 650 |
|
0 |
|a Computer science
|9 42447
|
| 700 |
1 |
|
|a Freeman, Elisabeth.
|9 27482
|
| 852 |
|
|
|a Ayesha Abed library
|c General Stacks
|
| 942 |
|
|
|2 ddc
|c BK
|
| 952 |
|
|
|0 0
|1 0
|2 ddc
|4 0
|6 005_276200000000000_FRE
|7 0
|9 63586
|a BRACUL
|b BRACUL
|c GEN
|d 2018-07-05
|e STS International
|g 1200.00
|l 13
|m 129
|o 005.2762 FRE
|p 3010033433
|q 2025-08-31
|r 2025-07-07
|s 2025-07-07
|t 2
|v 1200.00
|w 2018-07-05
|y BK
|
| 952 |
|
|
|0 0
|1 0
|2 ddc
|4 0
|6 005_276200000000000_FRE
|7 0
|9 63587
|a BRACUL
|b BRACUL
|c GEN
|d 2018-07-05
|e STS International
|g 1200.00
|l 13
|m 106
|o 005.2762 FRE
|p 3010033434
|q 2026-06-02
|r 2026-05-20
|s 2026-05-20
|t 1
|v 1200.00
|w 2018-07-05
|y BK
|
| 952 |
|
|
|0 0
|1 0
|2 ddc
|4 0
|6 005_276200000000000_FRE
|7 0
|9 64985
|a BRACUL
|b BRACUL
|c GEN
|d 2019-01-30
|e Hye Trade International
|g 1399.00
|l 9
|m 127
|o 005.2762 FRE
|p 3010034254
|r 2026-01-31
|s 2026-01-11
|t 3
|v 1399.00
|w 2019-01-30
|y BK
|
| 952 |
|
|
|0 0
|1 0
|2 ddc
|4 0
|6 005_276200000000000_FRE
|7 0
|9 64986
|a BRACUL
|b BRACUL
|c GEN
|d 2019-01-30
|e Hye Trade International
|g 1399.00
|l 15
|m 89
|o 005.2762 FRE
|p 3010034255
|r 2025-06-26
|s 2024-05-04
|t 4
|v 1399.00
|w 2019-01-30
|y BK
|
| 952 |
|
|
|0 0
|1 0
|2 ddc
|4 0
|6 005_276200000000000_FRE
|7 0
|9 64987
|a BRACUL
|b BRACUL
|c GEN
|d 2019-01-30
|e Hye Trade International
|g 1399.00
|l 14
|m 118
|o 005.2762 FRE
|p 3010034256
|r 2025-10-14
|s 2025-10-07
|t 5
|v 1399.00
|w 2019-01-30
|y BK
|
| 952 |
|
|
|0 0
|1 0
|2 ddc
|4 0
|6 005_276200000000000_FRE
|7 0
|9 64988
|a BRACUL
|b BRACUL
|c GEN
|d 2019-01-30
|e Hye Trade International
|g 1399.00
|l 14
|m 157
|o 005.2762 FRE
|p 3010034257
|r 2025-10-14
|s 2025-09-24
|t 6
|v 1399.00
|w 2019-01-30
|y BK
|
| 952 |
|
|
|0 0
|1 0
|2 ddc
|4 0
|6 005_276200000000000_FRE
|7 0
|9 64989
|a BRACUL
|b BRACUL
|c GEN
|d 2019-01-30
|e Hye Trade International
|g 1399.00
|l 6
|m 77
|o 005.2762 FRE
|p 3010034258
|q 2025-08-26
|r 2024-02-05
|s 2024-02-05
|t 7
|v 1399.00
|w 2019-01-30
|y BK
|